000 00796nam a22002657a 4500
001 31890
003 UA-OsUOA
005 20191220112045.0
007 ta
008 20050113b un ||||| |||| 00| 0 ukr d
040 _aUA-OsUOA
_bukr
_cUA-OsUOA
_dUA-OsUOA
041 _aukr
044 _aUS
080 _a94(477).026
090 _a94(477).026
_bГ82
100 _aГрицак П.
245 _aГалицько-волинська держава
260 _c1958
_aН.-Й.
_bНТШ в ЗДА
_bОбнова
300 _a176 с.
650 7 _a9 Географія. Біографії. Історія
_2UDC
942 _cBK
_2udc
955 _a2
999 _c318325
_d318325